| 000 | 00906nas a2200277 4500 | ||
|---|---|---|---|
| 001 | BR8107660 | ||
| 003 | BR-BrBNA | ||
| 005 | 20231205084912.0 | ||
| 007 | ta | ||
| 008 | 230509b bl.|||p| |||| 00| 00por d | ||
| 040 |
_aBR-BrBNA _bpor _cBiblioteca Nacional de Agricultura |
||
| 041 | _a(Pt) | ||
| 072 | _aA50; F30 | ||
| 100 | 1 | _aMiocque, J.Y.J. | |
| 111 | 1 |
_a17. Congresso da ISSCT _cManila (Filipinas) _dFeb 1980 |
|
| 245 | 1 | _aO programa de melhoramento da COPERSUCAR [Cooperativa Central dos Produtores de Acucar e Alcool do Estado de Sao Paulo, Brasil] | |
| 650 | _aCANA DE ACUCAR | ||
| 650 | _aVARIEDADE | ||
| 650 | _aFLORACAO | ||
| 650 | _aSELECAO GENETICA | ||
| 650 | _aPROGRAMA DE PESQUISA | ||
| 650 | _aPESQUISA AGRICOLA | ||
| 773 | 0 |
_tSaccharum (Brazil) _xISSN 0100-6223 _g(Jan 1981), v. 4(12) p. 13-16 _wBR8107660 |
|
| 909 |
_a202311 _bLúcia _c55 _dLúcia Elande |
||
| 942 |
_2AGRIS _n0 _cANA |
||
| 999 |
_c108008 _d108008 |
||